O livro dos disparates (Registo nº 4054)

Detalhes MARC
000 -Etiqueta do registo
Cabeçalho 00870cam a2200301 i 4500
005 - Identificador da versão
Campo de controlo 20240813122051.0
095 ## -
-- PTBN00270275
010 ## - Número internacional normalizado dos livros (ISBN)
Número (ISBN) 9727100112
021 ## - Número do Depósito Legal
Código do país PT
Número 41823/90
100 ## - Dados gerais de processamento
Dados gerais de processamento 19910404d1990 cd y0pory5003 ba
102 ## - Pais de publicação ou produção
País de publicação Portugal
101 1# - Língua de publicação
Língua do texto, banda sonora, etc. Português
Língua do documento no original Inglês
106 ## - Campo de dados codificados: material textual
Dados codificados do material textual r
105 ## - Campo de dados codificados: livros
Dados codificados dos livros a z 000ay
215 ## - Descrição física 
Indicação específica da natureza do documento e extensão da espécie 46 p.
Outras indicações físicas muito il.
Dimensões 28 cm
200 1# - Titulo e menção de responsabilidade
Título próprio O livro dos disparates
Primeira menção de responsabilidade Edward Lear
Outras menções de responsabilidade trad. Vera Pinto, Luís Manuel Gaspar
210 ## - Publicação, Distribuição, etc. 
Lugar da edição, distribuição, etc. Mem Martins
Nome do editor, distribuidor, etc. Terramar
Data da publicação, distribuição, etc. D.L. 1990
304 ## - Notas relativas a título e menção de responsabilidade 
Texto da nota Tít. orig. : The book of nonsense
675 ## - Classificação Decimal Universal (CDU)
Notação 087.5
Edição BN
Língua da edição por
Notação 830-7"19"
Edição BN
Língua da edição por
702 #1 - Nome de autor-pessoa física (responsabilidade secundária)
Número de registo de entrada de autoridade 0000565
Palavra de ordem Pinto
Outra parte do nome não tomada para palavra de ordem Vera
Código de função Tradutor
Número de registo de entrada de autoridade 0000566
Palavra de ordem Gaspar
Outra parte do nome não tomada para palavra de ordem Luís Manuel
Datas 1960-
Código de função Tradutor
700 #1 - Nome de autor-pessoa física (responsabilidade principal)
Número de registo de entrada de autoridade 0000564
Palavra de ordem Lear
Outra parte do nome não tomada para palavra de ordem Edward
Datas 1812-1888
966 ## - Identificação da Biblioteca
Sigla EBVendas
942 ## - Elementos de entrada adicionados (Koha)
Tipo de item no Koha Livro
Exemplares
Situação do levantamento Origin of item (home branch) (coded) Biblioteca de empréstimo Código de barras Cota Circulation type (not for loan) Tipo de documento Nota do exemplar Damaged status
  Biblioteca Escolar das Vendas Biblioteca Escolar das Vendas BEV105 8EST LEA   Livro Sem mensagem